Donna Summer Songs - Sudden Death - Statistics

General Stats
  • This quiz has been taken 64 times
    63 since last reset
  • The average score is 8 of 20
Answers on the Grid
Answers color-coded by a green-red scale on the quiz's grid according to % correct below.
I Feel Love
Macarthur Park
The Boss
Girls Just Wanna Have Fun
Sometimes Like Butterflies
State Of Independence
Take A Bow
Journey To the Centre Of Your Heart
The Woman in Me
Dark Lady
Typical Male
Circle In The Sand
Hot Stuff
The Wanderer
Virgin Mary
Breakaway
Love Hangover
Get Ethnic
The Sensual World
You're My Best Friend
Driving Down Brazil
Loves Unkind
Heaven Knows
Message Understood
There Will Always Be A You
Love is in Control (Finger on The Trigger)
Dinner With Gershwin
Lucky
Now I Need You
If I Thought You'd Ever Change Your Mind
The Hostage
 
Answer Stats
Answer % Correct
Hot Stuff
96%
I Feel Love
92%
Macarthur Park
85%
State Of Independence
58%
Heaven Knows
50%
Dinner With Gershwin
46%
Loves Unkind
46%
The Woman in Me
46%
Love is in Control (Finger on The Trigger)
42%
The Wanderer
35%
Breakaway
23%
Journey To the Centre Of Your Heart
19%
Now I Need You
19%
Sometimes Like Butterflies
19%
There Will Always Be A You
19%
Driving Down Brazil
15%
The Hostage
15%
Virgin Mary
15%
Get Ethnic
12%
Lucky
12%
No matching quizzes found
Score Distribution
Percent of People with Each Score
Percentile by Number Answered
Your Score History
You have not taken this quiz since the last reset